Математические модели и численные методы в задачах экологического мониторинга атмосферы: монография

Dades bibliogràfiques
Autor principal: Наац В. И. Виктория Игоревна
Altres autors: Наац И. Э. Игорь Эдуардович
Sumari:В монографии изложены достижения в области математического и численного моделирования нестационарного переноса загрязняющих примесей в пограничном слое атмосферы. Выполняется разработка вычислительных моделей и соответствующих эффективных алгоритмов для задач прогноза переноса и рассеяния аэрозолей, использующих оперативную информацию метеорологического характера. Книга предназначена студентам, научным работникам и специалистам в области математического моделирования и создания информационно-вычислительного обеспечения систем экологического мониторинга и прогноза, решения других прикладных задач, связанных с охраной окружающей среды.
Idioma:rus
Publicat: Москва, Физматлит, 2010
Matèries:
Format: MixedMaterials Llibre
KOHA link:https://koha.lib.tpu.ru/cgi-bin/koha/opac-detail.pl?biblionumber=193783

MARC

LEADER 00000nam0a2200000 4500
001 193783
005 20231101224521.0
010 |a 9785922111607 
035 |a (RuTPU)RU\TPU\book\211331 
090 |a 193783 
100 |a 20110328d2010 k y0rusy50 ca 
101 0 |a rus 
102 |a RU 
105 |a a z 001zy 
200 1 |a Математические модели и численные методы в задачах экологического мониторинга атмосферы  |e монография  |f В. И. Наац, И. Э. Наац 
210 |a Москва  |c Физматлит  |d 2010 
215 |a 328 с.  |c ил. 
320 |a Литература: с. 317-327. 
330 |a В монографии изложены достижения в области математического и численного моделирования нестационарного переноса загрязняющих примесей в пограничном слое атмосферы. Выполняется разработка вычислительных моделей и соответствующих эффективных алгоритмов для задач прогноза переноса и рассеяния аэрозолей, использующих оперативную информацию метеорологического характера. Книга предназначена студентам, научным работникам и специалистам в области математического моделирования и создания информационно-вычислительного обеспечения систем экологического мониторинга и прогноза, решения других прикладных задач, связанных с охраной окружающей среды. 
606 1 |a Атмосфера  |x Экологический мониторинг  |2 stltpush  |3 (RuTPU)RU\TPU\subj\70430  |9 84691 
610 1 |a математические модели 
610 1 |a численные методы 
610 1 |a комплексный мониторинг 
610 1 |a воздушная среда 
610 1 |a математическое моделирование 
610 1 |a атмосферные процессы 
610 1 |a примеси 
610 1 |a нестационарный перенос 
610 1 |a вычислительные модели 
610 1 |a аэродинамика 
610 1 |a турбулентная диффузия 
675 |a 504.3  |v 3 
700 1 |a Наац  |b В. И.  |g Виктория Игоревна 
701 1 |a Наац  |b И. Э.  |g Игорь Эдуардович 
801 1 |a RU  |b 63413507  |c 20110328 
801 2 |a RU  |b 63413507  |c 20120209  |g RCR 
942 |c BK